000 00688nam a2200241 i 4500
001 bg
100 1 _aKORCZYN, Aleksander
245 1 0 _aLeksykon rachunkowości ekonomiki i finansów przedsiębiorstwa rynkowego /
_cAleksander Korczyn.
260 _aSkierniewice :
_bSigma,
_c1997.
300 _a192 s. ;
_c21 cm.
650 9 _aEkonomia polityczna
650 9 _aPrzedsiębiorstwo
_xekonomika
650 9 _aPrzedsiębiorstwo
_xfinanse
650 9 _aRachunkowość
655 _aEncyklopedie
020 _a8386145692
040 _cBPK
041 0 _apl
080 _a658.1/.5:657:330](03)
920 _a83-86145-69-2
942 _cKS
008 s pl f |000 0 pol
999 _c32493
_d32493
856 _uhttp://koha.tu.koszalin.pl/cgi-bin/koha/opac-detail.pl?biblionumber=32493
_yKatalog online BPK